| 000 | 00685cam a2200265 i 4500 | ||
|---|---|---|---|
| 001 | 33408 | ||
| 005 | 20230410133013.0 | ||
| 008 | 770810s1977 sp 000 0 spa | ||
| 035 | _9(DLC) 77473844 | ||
| 035 | _a1312595 | ||
| 010 | _a 77473844 | ||
| 015 | _aSp*** | ||
| 020 | _a8433900501 | ||
| 040 |
_aDLC _cDLC _dDLC |
||
| 050 | 1 | 4 |
_aBD 438 _bT821m 1977 |
| 100 | 1 |
_aTrías, Eugenio, _d1942- |
|
| 245 | 1 | 0 |
_aMeditación sobre el poder / _cEugenio Trías. |
| 260 |
_aBarcelona : _bAnagrama, _cc1977. |
||
| 300 |
_a190 p. ; _c20 cm. |
||
| 440 | 0 |
_aColección Argumentos ; _v50 |
|
| 650 | 0 | _aPower (Philosophy) | |
| 650 | 0 | _aDeath. | |
| 650 | 0 | _aLove. | |
| 942 |
_2lcc _cbk |
||
| 999 |
_c91657 _d91657 |
||